[Event "WYCC U16 Open 2019"]
[Site "Mumbai"]
[Date "2019.10.11"]
[Round "10.7"]
[White "Kacharava, Nikolozi"]
[Black "Soham Kamotra"]
[Result "1-0"]
[WhiteElo "2428"]
[BlackElo "2091"]
[Annotator "NA"]
[PlyCount "99"]
[EventDate "2019.10.02"]
[EventType "swiss"]
[EventCountry "IND"]
[SourceTitle "playchess.com"]
[Source "ChessBase"]
[SourceQuality "1"]
[TimeControl "40/5400+30:1800+30"]

1. e4 c6 2. d4 d5 3. Nc3 dxe4 4. Nxe4 Bf5 5. Nc5 b6 6. Nb3 e6 7. Nf3 Bd6 8. g3 Nd7 9. Bg2 Rc8 10. O-O Ngf6 11. Nbd2 O-O 12. Nc4 Bb8 13. Qe2 b5 14. Nce5 Be4 15. Bg5 Bd5 16. Rfd1 Qb6 17. b3 b4 18. a3 a5 19. axb4 axb4 20. Ra4 Rfe8 21. Bd2 Bd6 22. Rda1 c5 23. Ra7 Rc7 24. R7a6 Qb7 25. Rxd6 Nxe5 26. dxe5 Ne4 27. Rda6 Nxd2 28. Nxd2 Bxg2 29. Ra7 Qxa7 30. Rxa7 Rxa7 31. Kxg2 Rd8 32. Ne4 Rd5 33. Qb5 Ra8 34. Qc6 Rad8 35. Nxc5 Rxe5 36. Nd3 Rf5 37. Nxb4 h5 38. Nd3 g5 39. b4 Rdd5 40. Qa8+ Kg7 41. Qa3 e5 42. c4 Rd4 43. Qc3 f6 44. c5 g4 45. c6 Rf3 46. c7 Rdxd3 47. Qxd3 Rxd3 48. c8=Q Rd4 49. b5 h4 50. gxh4 1-0

[Event "WYCC U16 Open 2019"]
[Site "Mumbai"]
[Date "2019.10.11"]
[Round "10.8"]
[White "Sankalp Gupta"]
[Black "Avila Pavas, Santiago"]
[Result "1/2-1/2"]
[WhiteElo "2369"]
[BlackElo "2406"]
[Annotator "ChessBase"]
[PlyCount "60"]
[EventDate "2019.10.02"]
[EventType "swiss"]
[EventCountry "IND"]
[SourceTitle "playchess.com"]
[Source "ChessBase"]
[SourceQuality "1"]
[TimeControl "40/5400+30:1800+30"]

1. d4 d5 2. c4 e6 3. Nf3 a6 4. cxd5 exd5 5. Nc3 Nf6 6. Bg5 Be6 7. Qb3 b5 8. a4 b4 9. Bxf6 Qxf6 10. Nxd5 Qd8 11. e4 c6 12. Qe3 cxd5 13. exd5 Qxd5 14. Rc1 Be7 15. Bd3 Ra7 16. Be4 Qb3 17. Rc8+ Bd8 18. Rxb8 O-O 19. O-O Qxe3 20. fxe3 Be7 21. Rxf8+ Kxf8 22. Bxh7 g6 23. e4 Kg7 24. d5 Bc8 25. Bxg6 Bc5+ 26. Kh1 Kxg6 27. Ne5+ Kg7 28. Nf3 Kg6 29. Ne5+ Kg7 30. Nf3 Kg6 1/2-1/2

[Event "WYCC U16 Open 2019"]
[Site "Mumbai"]
[Date "2019.10.11"]
[Round "10.8"]
[White "Sankalp Gupta"]
[Black "Avila Pavas, Santiago"]
[Result "*"]
[WhiteElo "2369"]
[BlackElo "2406"]
[Annotator "ChessBase"]
[PlyCount "30"]
[EventDate "2019.10.02"]
[EventType "swiss"]
[EventCountry "IND"]
[SourceTitle "playchess.com"]
[Source "ChessBase"]
[SourceQuality "1"]
[TimeControl "40/5400+30:1800+30"]

1. d4 d5 2. c4 e6 3. Nf3 a6 4. cxd5 exd5 5. Nc3 Nf6 6. Bg5 Be6 7. Qb3 b5 8. a4 b4 9. Bxf6 Qxf6 10. Nxd5 Qd8 11. e4 c6 12. Qe3 cxd5 13. exd5 Qd7 14. d6 Qxd6 15. Rc1 Qd5 *

[Event "WYCC U16 Open 2019"]
[Site "Mumbai"]
[Date "2019.10.11"]
[Round "10.9"]
[White "Gharibyan, Mamikon"]
[Black "Mis, Mieszko"]
[Result "1/2-1/2"]
[WhiteElo "2388"]
[BlackElo "2345"]
[Annotator "NA"]
[PlyCount "65"]
[EventDate "2019.10.02"]
[EventType "swiss"]
[EventCountry "IND"]
[SourceTitle "playchess.com"]
[Source "ChessBase"]
[SourceQuality "1"]
[TimeControl "40/5400+30:1800+30"]

1. d4 Nf6 2. c4 e6 3. Nf3 d5 4. Nc3 c6 5. Bg5 Nbd7 6. e3 Qa5 7. Nd2 Bb4 8. Qc2 O-O 9. Be2 c5 10. Nb3 Qa4 11. Bxf6 Nxf6 12. dxc5 dxc4 13. Bxc4 Qc6 14. O-O Bxc5 15. Bb5 Qb6 16. a3 Be7 17. Rfd1 e5 18. Nd2 a6 19. Be2 Be6 20. Na4 Qa7 21. Ne4 Nd5 22. Nac3 Rac8 23. Qa4 Nxc3 24. Nxc3 Qb6 25. Rd2 Rfd8 26. Rad1 h6 27. Bf3 Rxd2 28. Rxd2 Bb3 29. Qe4 Bxa3 30. Qxb7 Qxb7 31. Bxb7 Rc7 32. Bxa6 Bxb2 33. Rxb2 1/2-1/2

[Event "WYCC U16 Open 2019"]
[Site "Mumbai"]
[Date "2019.10.11"]
[Round "10.10"]
[White "Akshit Kumar J"]
[Black "Nogerbek, Kazybek"]
[Result "0-1"]
[WhiteElo "1912"]
[BlackElo "2387"]
[Annotator "TA"]
[PlyCount "82"]
[EventDate "2019.10.02"]
[EventType "swiss"]
[EventCountry "IND"]
[SourceTitle "playchess.com"]
[Source "ChessBase"]
[SourceQuality "1"]

{[%evp 23,84,0,31,31,30,24,22,25,17,18,43,4,57,67,103,75,70,60,62,-13,-5,-42,-17,-17,-14,-16,-15,-18,-23,-18,-10,-10,-10,-230,-241,-480,-333,-264,-343,-332,-334,-341,-331,-419,-395,-541,-527,-556,-556,-547,-553,-556,-556,-535,-550,-546,-538,-508,-502,-716,-748,-745,-740]} 1. e4 c5 2. Nf3 d6 3. d4 cxd4 4. Nxd4 Nf6 5. Nc3 a6 6. Be2 e5 7. Nb3 Be7 8. Be3 O-O 9. Qd3 Be6 10. Nd5 Bxd5 11. exd5 Nbd7 12. O-O Nc5 13. Nxc5 {B92: Sicilian Najdorf: 6 Be2} dxc5 14. Bf3 $146 (14. Rad1 Bd6 15. Bg5 e4 16. Qb3 Qe7 17. Rfe1 Rad8 18. g3 h6 19. Bxf6 Qxf6 20. Qxb7 Rb8 21. Qxa6 Rxb2 {½-½ (74) Sevian,S (2647)-Sarana,A (2630) chess.com INT 2019}) 14... Bd6 15. Bg5 {The position is equal.} h6 16. Bh4 g6 17. a4 b6 ({Black should try} 17... Kg7 $1 $11) 18. c4 a5 19. Rfe1 Kg7 20. h3 Qc7 21. Bxf6+ (21. g4 $14) 21... Kxf6 $11 22. Bd1 Kg7 23. Qc3 f5 24. Bc2 Kh7 (24... Qe7 {seems wilder.} 25. Re2 Rae8 26. Rf1 h5 27. f3 Qh4) 25. f3 Rae8 26. Re2 Qd8 27. Qb3 Bc7 28. Qb5 $2 {[#]} (28. Qe3 $11) 28... e4 $1 $19 {[%cal Re4f3][%mdl 512]} 29. Rd1 $2 (29. fxe4 Qd6 30. e5 Rxe5 31. Rxe5 Qxe5 32. Qd7+ Kh8 33. Rd1) 29... Qd6 30. f4 g5 31. Qc6 {intending Qxd6.} gxf4 32. Qxd6 Bxd6 33. Kf2 Rg8 34. Rf1 Rg3 {Black is clearly winning.} 35. Ke1 Reg8 36. Rff2 Kg6 37. Kf1 Kf6 38. Bxe4 fxe4 39. Rxe4 {[#] Hoping for Re6+.} Be5 40. Rfe2 R8g5 41. d6 Rd3 {Played: f4-f3} 0-1

[Event "WYCC U16 Open 2019"]
[Site "Mumbai"]
[Date "2019.10.11"]
[Round "10.11"]
[White "Utsab Chatterjee"]
[Black "Wachinger, Nikolas"]
[Result "1-0"]
[WhiteElo "2211"]
[BlackElo "2297"]
[Annotator "NA"]
[PlyCount "145"]
[EventDate "2019.10.02"]
[EventType "swiss"]
[EventCountry "IND"]
[SourceTitle "playchess.com"]
[Source "ChessBase"]
[SourceQuality "1"]
[TimeControl "40/5400+30:1800+30"]

1. e4 c5 2. Nf3 d6 3. d4 cxd4 4. Nxd4 Nf6 5. Nc3 a6 6. Be2 e5 7. Nb3 Be7 8. O-O O-O 9. Kh1 Nc6 10. f4 b5 11. Bf3 b4 12. Nd5 a5 13. Be3 a4 14. Nd2 exf4 15. Bxf4 Nxd5 16. exd5 Nd4 17. a3 Nxf3 18. Qxf3 bxa3 19. Rxa3 Bf5 20. c3 Bg6 21. Rfa1 Qd7 22. Nc4 Ra6 23. b4 Bf6 24. h3 Rc8 25. Qe2 Qb5 26. Re1 Raa8 27. Nxd6 Qxe2 28. Rxe2 Rxc3 29. Rxa4 Rd8 30. Nb7 Rf8 31. Nc5 Bd4 32. d6 Bf5 33. Ra7 Rc4 34. d7 Bxd7 35. Rxd7 Bxc5 36. bxc5 Rxf4 37. Rc2 Re4 38. c6 Ree8 39. c7 h5 40. Kg1 g6 41. Kf2 Kg7 42. Rcd2 Rc8 43. R2d6 g5 44. Kf3 Rg8 45. Ke4 Rge8+ 46. Kf5 Re2 47. Rg6+ Kf8 48. Rf6 Re7 49. Rd8+ Re8 50. Rh6 Ke7 51. Rxe8+ Rxe8 52. Rc6 Rc8 53. Kxg5 Kd7 54. Rc2 Rg8+ 55. Kf6 Kc8 56. Kxf7 Rg3 57. Kf6 h4 58. Kf5 Rg7 59. Ke4 Rf7 60. Ke3 Rf8 61. Rc4 Rh8 62. Kf3 Rh7 63. Kg4 Rg7+ 64. Kxh4 Rxg2 65. Kh5 Rg8 66. h4 Rg7 67. Kh6 Rg2 68. h5 Rg3 69. Kh7 Rg5 70. h6 Rg3 71. Rc6 Rg4 72. Rg6 Re4 73. Kg7 1-0

[Event "WYCC U16 Open 2019"]
[Site "Mumbai"]
[Date "2019.10.11"]
[Round "10.12"]
[White "Ammar, Sedrani"]
[Black "Talukdar, Rohan"]
[Result "1/2-1/2"]
[WhiteElo "2053"]
[BlackElo "2369"]
[Annotator "TA"]
[PlyCount "132"]
[EventDate "2019.10.02"]
[EventType "swiss"]
[EventCountry "IND"]
[SourceTitle "playchess.com"]
[Source "ChessBase"]
[SourceQuality "1"]

{[%evp 27,131,13,12,-52,-50,-36,-39,-50,-24,-18,-24,-19,-16,-18,0,0,0,0,0,0,0,0,0,0,0,0,0,0,0,-8,9,9,9,9,9,9,9,9,9,9,214,13,74,35,35,35,35,35,35,0,0,0,0,0,0,0,0,0,0,-35,-35,-35,-39,-43,-43,-43,-50,-57,-57,-57,0,-57,0,0,0,0,0,0,0,0,0,0,0,0,0,0,0,0,0,0,0,0,0,0,0,0,0,0,0,0,0,0,0,0,0,0]} 1. d4 Nf6 2. c4 g6 3. Nc3 d5 4. cxd5 Nxd5 5. e4 Nxc3 6. bxc3 Bg7 7. Nf3 c5 8. Be3 Qa5 9. Qd2 Nc6 10. Rc1 cxd4 11. cxd4 Qxd2+ 12. Kxd2 O-O 13. Bb5 Rd8 14. Bxc6 bxc6 15. Rxc6 {D85: Exchange Grünfeld: Unusual White 7th moves and lines with 7 Nf3} ({White should play} 15. Rc5 $11) (15. Rc5 f5 16. Rhc1 Be6 17. Ne5 f4 18. Bxf4 Rxd4+ 19. Ke3 Ra4 20. Rxc6 Ra3+ 21. R1c3 Rxc3+ 22. Rxc3 Bxa2 23. Ra3 Bxe5 24. Bxe5 {½-½ (31) Tabatabaei,M (2642)-Amin,B (2699) Khanty-Mansiysk 2019}) 15... Bb7 $15 16. Rc7 Bxe4 17. Rxe7 {Black is slightly better.} Bxf3 (17... Bd5 {with more complications.} 18. Rc7 Bf8 19. Ke2 Rdc8 20. Rxc8 Rxc8 21. Rc1 Rxc1 22. Bxc1 Bxa2 23. Bd2 Bc4+) 18. gxf3 Bxd4 19. Ke2 $1 Bxe3 20. fxe3 $146 {[%mdl 4096] Endgame KRR-KRR} ({Predecessor:} 20. Kxe3 Re8 21. Rxe8+ Rxe8+ 22. Kd3 Re5 {0-1 (36) Bacso,G (2153)-Darazs,Z (2245) Budapest 2008}) 20... Rab8 21. Kf2 $1 Rd2+ 22. Kg3 Rxa2 23. Rc1 Ra5 24. e4 Rg5+ 25. Kf4 Rh5 26. Rcc7 Rf8 27. Kg3 a5 28. f4 Rb8 29. Rxf7 Rb3+ 30. Kg4 {aiming for h4.} Rxh2 31. Rg7+ Kh8 32. Rgd7 {[%cal Rd7d8]} Rb8 33. Ra7 Rh5 $2 {[#]} (33... Rf8 $11) 34. e5 $2 ({White must play} 34. f5 $1 $18) 34... Kg8 (34... Rh1 $1 $11) 35. Rxa5 (35. e6 $5 {[%cal Rd7g7]}) 35... Rf5 36. Raa7 h5+ 37. Kh4 Re8 ({Wrong is} 37... Rxf4+ $2 {[#]} 38. Kg5 $1 $18 {[%mdl 512]}) 38. Rd6 Rxf4+ 39. Kg5 Rf7 40. Ra5 Kh7 {Hoping for ...Rf5+.} 41. Rf6 Rfe7 42. e6 Rxe6 {...Re5+ is the strong threat.} 43. Ra7+ R8e7 44. Rf7+ Rxf7 45. Rxf7+ $15 {KR-KR} Kg8 46. Ra7 Kf8 47. Rb7 Ke8 48. Ra7 Kf8 49. Rb7 $1 h4 ({Black should try} 49... Rd6 $15) 50. Kxh4 $11 {The position is equal.} Re7 (50... Re5 {is interesting.} 51. Kg4 Ra5 52. Kf4 Rc5 53. Kg4 Re5) 51. Rxe7 Kxe7 {KP-K} 52. Kg5 Kf7 53. Kg4 Kf6 54. Kf4 g5+ 55. Kg4 Kg6 56. Kg3 Kf5 57. Kf3 g4+ 58. Kg3 Kg5 59. Kg2 Kf4 60. Kf2 g3+ 61. Kg2 Kg4 62. Kg1 Kg5 63. Kg2 Kf4 (63... Kg4 $5) 64. Kg1 Kf3 (64... Ke3 $5) 65. Kf1 g2+ 66. Kg1 Kg3 {Accuracy: White = 67%, Black = 70%.} 1/2-1/2

[Event "WYCC U16 Open 2019"]
[Site "Mumbai"]
[Date "2019.10.11"]
[Round "10.13"]
[White "Bagvilas, Lukas"]
[Black "Manafov, Vugar"]
[Result "1/2-1/2"]
[WhiteElo "1983"]
[BlackElo "2357"]
[Annotator "NA"]
[PlyCount "61"]
[EventDate "2019.10.02"]
[EventType "swiss"]
[EventCountry "IND"]
[SourceTitle "playchess.com"]
[Source "ChessBase"]
[SourceQuality "1"]
[TimeControl "40/5400+30:1800+30"]

1. e4 {[%emt 0:00:00]} Nf6 {[%emt 0:00:00]} 2. Nc3 {[%emt 0:00:00]} d5 {[%emt 0:00:00]} 3. e5 {[%emt 0:00:00]} Nfd7 {[%emt 0:00:00]} 4. d4 c5 {[%emt 0:00:00]} 5. f4 {[%emt 0:00:00]} cxd4 {[%emt 0:00:00]} 6. Qxd4 {[%emt 0:00:24]} e6 {[%emt 0:00:09]} 7. Qd1 {[%emt 0:02:28]} Bc5 {[%emt 0:03:34]} 8. Qg4 {[%emt 0:00:05]} O-O {[%emt 0:01:26]} 9. Nf3 {[%emt 0:00:04]} Nc6 {[%emt 0:02:03]} 10. Bd3 {[%emt 0:00:09]} f5 {[%emt 0:00:05]} 11. Qh3 {[%emt 0:00:03]} Qe7 {[%emt 0:02:34]} 12. g4 {[%emt 0:00:42]} Nb6 {[%emt 0:03:27]} 13. a3 {[%emt 0:08:22]} a5 {[%emt 0:07:30]} 14. Ne2 {[%emt 0:00:40]} Nc4 {[%emt 0:01:08]} 15. c3 {[%emt 0:14:23]} a4 {[%emt 0:03:17]} 16. Ng5 {[%emt 0:07:42]} g6 {[%emt 0:09:53]} 17. gxf5 {[%emt 0:00:05]} exf5 {[%emt 0:00:26]} 18. Bxc4 {[%emt 0:16:24]} dxc4 {[%emt 0:00:06]} 19. Be3 {[%emt 0:00:06]} Bxe3 {[%emt 0:03:20]} 20. Qxe3 {[%emt 0:00:48]} Rd8 {[%emt 0:01:17]} 21. h4 {[%emt 0:02:32]} Rd3 {[%emt 0:01:35]} 22. Qg1 {[%emt 0:05:16]} h5 {[%emt 0:05:12]} 23. Rd1 {[%emt 0:10:47]} Be6 {[%emt 0:01:04]} 24. Rxd3 {[%emt 0:13:43]} cxd3 {[%emt 0:00:28]} 25. Nxe6 {[%emt 0:01:49]} Qxe6 {[%emt 0:00:07]} 26. Nc1 {[%emt 0:00:04]} Rd8 {[%emt 0:05:54]} 27. Kd2 {[%emt 0:04:16]} Na5 {[%emt 0:00:52]} 28. Nxd3 {[%emt 0:00:58]} Kh7 {[%emt 0:02:59]} 29. Qg5 {[%emt 0:06:10]} Nc4+ {[%emt 0:13:46]} 30. Ke2 {[%emt 0:00:07]} Qd5 {[%emt 0:12:24]} 31. Rh3 {[%emt 0:01:49]} 1/2-1/2

[Event "WYCC U16 Open 2019"]
[Site "Mumbai"]
[Date "2019.10.11"]
[Round "10.14"]
[White "Turgut, Aydin"]
[Black "Mohamed Anees M"]
[Result "1-0"]
[WhiteElo "2281"]
[BlackElo "2126"]
[Annotator "ChessBase"]
[PlyCount "59"]
[EventDate "2019.10.02"]
[EventType "swiss"]
[EventCountry "IND"]
[SourceTitle "playchess.com"]
[Source "ChessBase"]
[SourceQuality "1"]
[TimeControl "40/5400+30:1800+30"]

1. e4 c5 2. Nf3 e6 3. d4 cxd4 4. Nxd4 Nc6 5. Be2 Qc7 6. Nc3 a6 7. O-O Nf6 8. Be3 Be7 9. f4 d6 10. Kh1 O-O 11. Qe1 Re8 12. Qg3 Nxd4 13. Bxd4 b5 14. e5 dxe5 15. fxe5 Nd7 16. Nd5 Qd8 17. Nf6+ Nxf6 18. exf6 Bf8 19. Rad1 g6 20. Bc5 Bxc5 21. Rxd8 Rxd8 22. Qc7 Rd5 23. Bf3 Bf8 24. Bxd5 exd5 25. Qc6 Rb8 26. Qe8 Ra8 27. Re1 Bb7 28. Qd7 Bc8 29. Qc6 Rb8 30. Qc7 1-0

[Event "WYCC U16 Open 2019"]
[Site "Mumbai"]
[Date "2019.10.11"]
[Round "10.15"]
[White "Karthik Sai Ch"]
[Black "Raahul V S"]
[Result "0-1"]
[WhiteElo "2046"]
[BlackElo "2262"]
[Annotator "NA"]
[PlyCount "105"]
[EventDate "2019.10.02"]
[EventType "swiss"]
[EventCountry "IND"]
[SourceTitle "playchess.com"]
[Source "ChessBase"]
[SourceQuality "1"]
[TimeControl "40/5400+30:1800+30"]

1. d4 {[%emt 0:00:00]} Nf6 {[%emt 0:00:00]} 2. Nf3 {[%emt 0:00:00]} d5 {[%emt 0:01:10]} 3. Bf4 {[%emt 0:00:00]} c5 {[%emt 0:00:24]} 4. e3 {[%emt 0:00:04]} Bg4 {[%emt 0:00:14]} 5. Nbd2 {[%emt 0:04:03]} Nbd7 {[%emt 0:01:20]} 6. Be2 {[%emt 0:02:56]} e6 {[%emt 0:00:37]} 7. O-O {[%emt 0:00:52]} Be7 {[%emt 0:00:32]} 8. Ne5 {[%emt 0:02:47]} Bxe2 {[%emt 0:02:07]} 9. Qxe2 {[%emt 0:00:08]} O-O {[%emt 0:00:41]} 10. c3 {[%emt 0:00:23]} a6 {[%emt 0:08:05]} 11. Rfd1 {[%emt 0:03:38]} Re8 {[%emt 0:13:56]} 12. h3 {[%emt 0:03:46]} b5 {[%emt 0:05:55]} 13. Nc6 {[%emt 0:08:27]} Qb6 {[%emt 0:00:22]} 14. Nxe7+ {[%emt 0:00:08]} Rxe7 {[%emt 0:00:03]} 15. Nf3 {[%emt 0:03:37]} Ree8 {[%emt 0:09:45]} 16. a4 {[%emt 0:06:34]} Rec8 {[%emt 0:09:24]} 17. a5 {[%emt 0:02:34]} Qb7 {[%emt 0:01:09]} 18. Ne5 {[%emt 0:03:44]} cxd4 {[%emt 0:11:29]} 19. Nxd7 {[%emt 0:04:51]} Nxd7 {[%emt 0:00:57]} 20. exd4 {[%emt 0:05:48]} b4 {[%emt 0:00:37]} 21. Rdb1 {[%emt 0:03:41]} Rc4 {[%emt 0:02:52]} 22. Bd2 {[%emt 0:04:41]} bxc3 {[%emt 0:07:22]} 23. bxc3 {[%emt 0:00:07]} Qc7 {[%emt 0:00:10]} 24. Rb4 {[%emt 0:02:15]} Rc6 25. f4 {[%emt 0:05:19]} Nf6 {[%emt 0:05:19]} 26. Qe5 {[%emt 0:00:49]} Ne4 {[%emt 0:02:30]} 27. Qxc7 {[%emt 0:03:48]} Rxc7 {[%emt 0:00:01]} 28. Be1 {[%emt 0:00:01]} Nxc3 {[%emt 0:00:57]} 29. Bxc3 {[%emt 0:00:10]} Rxc3 {[%emt 0:00:01]} 30. Rab1 {[%emt 0:00:08]} g6 {[%emt 0:01:07]} 31. Rb8+ {[%emt 0:01:04]} Rxb8 {[%emt 0:00:00]} 32. Rxb8+ {[%emt 0:00:07]} Kg7 {[%emt 0:00:01]} 33. Rb6 {[%emt 0:00:14]} Rc4 {[%emt 0:00:30]} 34. Rxa6 {[%emt 0:00:15]} Rxd4 {[%emt 0:00:01]} 35. g3 {[%emt 0:00:07]} h6 {[%emt 0:04:29]} 36. h4 {[%emt 0:03:32]} Rd2 {[%emt 0:01:24]} 37. Ra8 {[%emt 0:00:14]} Ra2 {[%emt 0:01:57]} 38. a6 {[%emt 0:00:44]} Kf6 {[%emt 0:01:24]} 39. g4 {[%emt 0:00:22]} Ra4 {[%emt 0:01:23]} 40. g5+ {[%emt 0:05:05]} hxg5 {[%emt 0:00:07]} 41. fxg5+ {[%emt 0:30:36]} Kf5 {[%emt 0:11:57]} 42. Rf8 {[%emt 0:00:00]} Rxa6 {[%emt 0:01:54]} 43. Rxf7+ {[%emt 0:00:00]} Kg4 {[%emt 0:00:06]} 44. Rf6 {[%emt 0:00:00]} Kh5 {[%emt 0:00:32]} 45. Kf2 {[%emt 0:00:00]} Ra2+ {[%emt 0:00:07]} 46. Ke3 {[%emt 0:00:00]} e5 {[%emt 0:00:14]} 47. Re6 {[%emt 0:00:00]} Ra3+ {[%emt 0:00:26]} 48. Ke2 {[%emt 0:00:00]} Ra4 {[%emt 0:01:25]} 49. Kf3 {[%emt 0:00:00]} Rf4+ {[%emt 0:00:10]} 50. Ke3 {[%emt 0:00:00]} Rxh4 {[%emt 0:00:35]} 51. Rxe5 {[%emt 0:00:00]} Re4+ {[%emt 0:00:10]} 52. Rxe4 {[%emt 0:00:00]} dxe4 {[%emt 0:00:01]} 53. Kd4 0-1

[Event "WYCC U16 Open 2019"]
[Site "Mumbai"]
[Date "2019.10.11"]
[Round "10.16"]
[White "McGowan, Cameron"]
[Black "Goderdzishvili, Giga"]
[Result "0-1"]
[WhiteElo "2221"]
[BlackElo "2038"]
[Annotator "NA"]
[PlyCount "56"]
[EventDate "2019.10.02"]
[EventType "swiss"]
[EventCountry "IND"]
[SourceTitle "playchess.com"]
[Source "ChessBase"]
[SourceQuality "1"]
[TimeControl "40/5400+30:1800+30"]

1. e4 e6 2. d4 d5 3. e5 c5 4. c3 Nc6 5. Nf3 Bd7 6. Be2 Nge7 7. O-O Nf5 8. a3 cxd4 9. Bd3 Nh4 10. Nxh4 Qxh4 11. g3 Qd8 12. cxd4 Nxd4 13. Bxh7 Nc6 14. Bc2 Nxe5 15. Re1 Qf6 16. f4 Bc5+ 17. Kg2 Nc4 18. Nc3 O-O-O 19. Ba4 g5 20. Qc2 Bxa4 21. Nxa4 Rxh2+ 22. Kxh2 Rh8+ 23. Kg2 Qh6 24. Kf1 Qh1+ 25. Ke2 Rh2+ 26. Kd3 Qf3+ 27. Re3 Bxe3 28. Qxh2 Bg1+ {Kd4} 0-1

[Event "WYCC U16 Open 2019"]
[Site "Mumbai"]
[Date "2019.10.12"]
[Round "11.1"]
[White "Pogosyan, Stefan"]
[Black "Makarian, Rudik"]
[Result "1/2-1/2"]
[WhiteElo "2364"]
[BlackElo "2386"]
[Annotator "ChessBase"]
[PlyCount "60"]
[EventDate "2019.10.02"]
[EventType "swiss"]
[EventCountry "IND"]
[SourceTitle "playchess.com"]
[Source "ChessBase"]
[SourceQuality "1"]
[TimeControl "40/5400+30:1800+30"]

1. c4 {[%emt 0:00:00]} e6 {[%emt 0:00:00]} 2. Nc3 {[%emt 0:00:00]} Bb4 {[%emt 0:00:00]} 3. Nf3 {[%emt 0:00:27]} Nf6 {[%emt 0:00:27]} 4. Qc2 {[%emt 0:03:18]} d5 {[%emt 0:09:45]} 5. a3 {[%emt 0:03:21]} Bxc3 {[%emt 0:00:15]} 6. Qxc3 {[%emt 0:00:15]} O-O {[%emt 0:01:56]} 7. e3 {[%emt 0:02:31]} a5 {[%emt 0:06:28]} 8. b3 {[%emt 0:01:32]} b6 {[%emt 0:00:34]} 9. Bb2 {[%emt 0:01:24]} Bb7 {[%emt 0:00:26]} 10. Be2 {[%emt 0:00:18]} c5 {[%emt 0:03:06]} 11. O-O {[%emt 0:05:43]} Nc6 {[%emt 0:04:02]} 12. d4 {[%emt 0:06:32]} Ne4 {[%emt 0:13:02]} 13. Qc2 {[%emt 0:00:26]} cxd4 {[%emt 0:01:06]} 14. Nxd4 {[%emt 0:09:23]} Nxd4 {[%emt 0:07:48]} 15. Bxd4 {[%emt 0:00:32]} Rc8 {[%emt 0:02:41]} 16. Rfd1 {[%emt 0:21:35]} Qh4 {[%emt 0:08:52]} 17. g3 {[%emt 0:07:54]} Qh3 {[%emt 0:00:40]} 18. Bf1 {[%emt 0:01:07]} Qf5 {[%emt 0:00:13]} 19. Bg2 {[%emt 0:01:32]} dxc4 {[%emt 0:01:18]} 20. bxc4 {[%emt 0:01:24]} Rxc4 {[%emt 0:02:55]} 21. Bxe4 {[%emt 0:06:14]} Qxe4 {[%emt 0:00:07]} 22. Qxe4 {[%emt 0:00:16]} Bxe4 {[%emt 0:00:03]} 23. Bxb6 {[%emt 0:00:19]} a4 {[%emt 0:00:04]} 24. Rac1 {[%emt 0:00:19]} Rxc1 {[%emt 0:00:36]} 25. Rxc1 {[%emt 0:00:06]} Rb8 {[%emt 0:01:08]} 26. Ba7 {[%emt 0:01:24]} Rb1 {[%emt 0:00:06]} 27. Rxb1 {[%emt 0:00:03]} Bxb1 {[%emt 0:00:04]} 28. f3 {[%emt 0:00:09]} f5 {[%emt 0:00:09]} 29. Kh1 {[%emt 0:00:04]} Kh8 {[%emt 0:00:04]} 30. Kg1 {[%emt 0:00:04]} Kg8 {[%emt 0:00:04]} 1/2-1/2

[Event "WYCC U16 Open 2019"]
[Site "Mumbai"]
[Date "2019.10.12"]
[Round "11.2"]
[White "Daghli, Arash"]
[Black "Aronyak Ghosh"]
[Result "1/2-1/2"]
[WhiteElo "2387"]
[BlackElo "2380"]
[Annotator "ChessBase"]
[PlyCount "72"]
[EventDate "2019.10.02"]
[EventType "swiss"]
[EventCountry "IND"]
[SourceTitle "playchess.com"]
[Source "ChessBase"]
[SourceQuality "1"]
[TimeControl "40/5400+30:1800+30"]

1. e4 Nf6 2. e5 Nd5 3. d4 d6 4. Nf3 dxe5 5. Nxe5 c6 6. Be2 g6 7. c4 Nc7 8. Nc3 Bg7 9. f4 Nd7 10. Be3 Nxe5 11. dxe5 Qxd1+ 12. Rxd1 h5 13. O-O Bf5 14. Bf3 Ne6 15. b4 Bg4 16. Bxg4 hxg4 17. Ne4 Rh5 18. a4 a5 19. b5 cxb5 20. cxb5 Rc8 21. Rc1 Rxc1 22. Bxc1 f5 23. exf6 Bxf6 24. Nxf6+ exf6 25. Bb2 Rc5 26. Bxf6 Rc4 27. f5 gxf5 28. Rxf5 Rxa4 29. Rh5 Nf4 30. Rh7 Ra2 31. Rxb7 Rxg2+ 32. Kf1 Rxh2 33. Be5 g3 34. Bxf4 Rf2+ 35. Kg1 Rxf4 36. Ra7 Rb4 1/2-1/2

[Event "WYCC U16 Open 2019"]
[Site "Mumbai"]
[Date "2019.10.12"]
[Round "11.3"]
[White "Cardoso Cardoso, Jose Gabriel"]
[Black "Niemann, Hans Moke"]
[Result "1-0"]
[WhiteElo "2313"]
[BlackElo "2439"]
[Annotator "ChessBase"]
[PlyCount "69"]
[EventDate "2019.10.02"]
[EventType "swiss"]
[EventCountry "IND"]
[SourceTitle "playchess.com"]
[Source "ChessBase"]
[SourceQuality "1"]
[TimeControl "40/5400+30:1800+30"]

1. d4 {[%emt 0:00:00]} Nf6 {[%emt 0:00:00]} 2. c4 {[%emt 0:00:00]} e6 {[%emt 0:00:07]} 3. Nc3 {[%emt 0:00:10]} Bb4 {[%emt 0:00:17]} 4. e3 {[%emt 0:00:11]} O-O {[%emt 0:01:04]} 5. Bd2 {[%emt 0:00:09]} c6 {[%emt 0:01:12]} 6. Nf3 {[%emt 0:01:48]} d5 {[%emt 0:00:10]} 7. Bd3 {[%emt 0:03:12]} Nbd7 {[%emt 0:04:37]} 8. O-O {[%emt 0:01:11]} Qe7 {[%emt 0:00:45]} 9. Re1 {[%emt 0:09:02]} dxc4 {[%emt 0:00:37]} 10. Bxc4 {[%emt 0:00:13]} e5 {[%emt 0:00:03]} 11. e4 {[%emt 0:03:38]} exd4 {[%emt 0:00:53]} 12. e5 {[%emt 0:04:04]} dxc3 {[%emt 0:01:28]} 13. bxc3 {[%emt 0:02:05]} Bc5 {[%emt 0:02:05]} 14. exf6 {[%emt 0:11:07]} Qxf6 {[%emt 0:00:06]} 15. Bg5 {[%emt 0:00:04]} Qxc3 {[%emt 0:05:48]} 16. Rc1 {[%emt 0:00:23]} Qa5 {[%emt 0:00:09]} 17. Be7 {[%emt 0:04:27]} Bxe7 {[%emt 0:03:59]} 18. Rxe7 {[%emt 0:00:03]} Nf6 {[%emt 0:00:53]} 19. Ne5 {[%emt 0:12:24]} Be6 {[%emt 0:00:30]} 20. Bxe6 {[%emt 0:00:59]} fxe6 {[%emt 0:00:05]} 21. Qd6 {[%emt 0:00:24]} Qxa2 {[%emt 0:01:48]} 22. Rf1 {[%emt 0:10:56]} Qd5 {[%emt 0:06:40]} 23. Qc7 {[%emt 0:00:57]} Nh5 {[%emt 0:00:26]} 24. Nd7 {[%emt 0:06:46]} Rfc8 {[%emt 0:02:52]} 25. Qxb7 {[%emt 0:03:14]} Qg5 {[%emt 0:00:11]} 26. Rf7 {[%emt 0:09:52]} Kxf7 {[%emt 0:01:28]} 27. Nb8+ {[%emt 0:00:08]} Kg6 {[%emt 0:04:59]} 28. Qxc8 {[%emt 0:00:07]} Qd5 {[%emt 0:00:06]} 29. Qc7 {[%emt 0:03:05]} c5 {[%emt 0:02:07]} 30. Nc6 {[%emt 0:06:33]} Kh6 {[%emt 0:02:05]} 31. Ne5 {[%emt 0:00:51]} Nf6 {[%emt 0:00:58]} 32. Nf7+ {[%emt 0:00:29]} Kh5 {[%emt 0:03:33]} 33. Re1 {[%emt 0:00:59]} g5 {[%emt 0:05:16]} 34. Ne5 {[%emt 0:01:54]} Rf8 {[%emt 0:00:39]} 35. Qg7 {[%emt 0:00:40]} 1-0